Normal view
MARC view
Entry Personal Name
001 - CONTROL NUMBER
- control field: 1191217
003 - CONTROL NUMBER IDENTIFIER
- control field: OSt
005 - DATE AND TIME OF LATEST TRANSACTION
- control field: 20260324132938.0
008 - FIXED-LENGTH DATA ELEMENTS
- fixed length control field: 260324|| aca||aabn | a|a d
040 ## - CATALOGING SOURCE
- Original cataloging agency: OSt
- Transcribing agency: OSt
100 ## - HEADING--PERSONAL NAME
- Personal name: Pierre Centlivres
670 ## - SOURCE DATA FOUND
- Source citation: Work cat.: (OSt)1789794: Pierre Centlivres, Chroniques Afghanes 1965-1993
